| 000 | 00921nam a2200241 i 4500 | ||
|---|---|---|---|
| 001 | 179788 | ||
| 003 | ES-MaACL | ||
| 005 | 20230906220915.0 | ||
| 008 | 120124m20002008sp | |||| ||spa d | ||
| 020 | _a978-84-89794-36-8 | ||
| 080 | _a821.134.2-14"15" | ||
| 100 | 1 |
_aGóngora y Argote, Luis de. _958246 |
|
| 245 | 1 | 0 |
_aObras completas / _cLuis de Góngora ; edición de Antonio Carreira. |
| 260 |
_aMadrid : _bFundación José Antonio de Castro, _c[2000-2008] |
||
| 300 |
_a2 v. ; _c23 cm. |
||
| 490 | 1 | _aBiblioteca Castro | |
| 505 | 8 | 0 | _aContiene: 1. Poemas de autoría segura ; Poemas de autenticidad probable -- 2. Las firmezas de Isabela ; El doctor Carlino ; Comedia venatoria ; Epistolario |
| 595 | _aEl primer volumen es la segunda edición publicada en 2008. | ||
| 700 | 1 |
_aCarreira, Antonio. _935605 |
|
| 830 | 0 |
_aBiblioteca Castro _9178957 |
|
| 852 |
_aES-MaACL _jL-29759-60 |
||
| 999 |
_c179788 _d179788 |
||